| 000 | 02014cam a2200565 i 4500 | ||
|---|---|---|---|
| 001 | 2525 | ||
| 003 | KOSZ 005 | ||
| 005 | 20250806064222.0 | ||
| 008 | 250731s1985 pl a f 000 0 pol | ||
| 015 | _aUWD 1986/42 | ||
| 020 | _a8301062223 | ||
| 035 | _a991007505799705066 | ||
| 035 | _a(PL-WaBN)b11947135-48omnis_nlop | ||
| 035 | _ab11947135 | ||
| 035 | _a(OCoLC)835889846 | ||
| 035 | _a(PL)b0000001194713 | ||
| 035 | _a(EXLNZ-48OMNIS_NETWORK)9910490685405606 | ||
| 040 |
_aWA N _cWA N _dKOSZ 005/RW |
||
| 046 | _k1985 | ||
| 080 | _a37.016:62 | ||
| 080 | _a(075.8) | ||
| 245 | 0 | 0 |
_aDydaktyka techniki : _bpraca zbiorowa / _cpod redakcją Henryka Pochankego ; [autorzy Danuta Frejman et al.]. |
| 250 | _aWydanie I. | ||
| 260 |
_aWarszawa : _bPaństwowe Wydawnictwo Naukowe, _c1985. |
||
| 300 |
_a343 strony : _brysunki. ; _c24 cm. |
||
| 336 |
_aTekst _btxt _2rdacontent |
||
| 337 |
_aBez urządzenia pośredniczącego _bn _2rdamedia |
||
| 338 |
_aWolumin _bnc _2rdacarrier |
||
| 380 | _aKsiążki | ||
| 380 | _aPublikacje dydaktyczne | ||
| 380 | _aPublikacje naukowe | ||
| 385 |
_mPoziom nauczania _aSzkoły wyższe |
||
| 388 | 1 | _a1901-2000 | |
| 388 | 1 | _a1945-1989 | |
| 504 | _aBibliografia przy rozdziałach. | ||
| 521 | 8 | _aSkrypt dla studentów wychowania technicznego wyższych szkół pedagogicznych i uniwersytetów. | |
| 650 | 7 |
_aEdukacja techniczna _2DBN |
|
| 650 | 7 |
_aNauczyciele techniki _2DBN |
|
| 655 | 7 |
_aPodręczniki akademickie _2DBN |
|
| 658 | _aEdukacja i pedagogika | ||
| 658 | _aInżynieria i technika | ||
| 700 | 1 |
_aGrodzka-Borowska, Aleksandra _eAutor |
|
| 700 | 1 |
_aFrejman, Mirosław _eAutor |
|
| 700 | 1 |
_aFrejman, Stanisława Danuta _eAutor |
|
| 700 | 1 |
_aPochanke, Henryk _d(1915-1986) _eAutor _eRedakcja |
|
| 710 | 2 |
_aPaństwowe Wydawnictwo Naukowe _4pbl |
|
| 856 |
_uhttps://koha.tu.koszalin.pl/cgi-bin/koha/errors/404.pl _yKatalog online BPK |
||
| 942 |
_2UKD _cKS |
||
| 999 |
_c2525 _d2525 |
||